| 000 | 01011nas a2200337 4500 | ||
|---|---|---|---|
| 001 | BR0804172 | ||
| 003 | BR-BrBNA | ||
| 005 | 20231205112335.0 | ||
| 007 | ta | ||
| 008 | 230509b bl.|||p| |||| 00| 00por d | ||
| 040 |
_aBR-BrBNA _bpor _cBiblioteca Nacional de Agricultura |
||
| 041 | _a(Pt) | ||
| 072 | _aL02; L53 | ||
| 100 | 1 | _aSouza, A.N.M. de | |
| 100 | 1 | _aLobato, J.F.P. | |
| 100 | 1 | _aNeumann, M. | |
| 245 | 1 | _aEfeitos do livre acesso de bezerros ao creep-feeding sobre os desempenhos produtivo e reprodutivo de vacas primíparas | |
| 650 | _aVACA | ||
| 650 | _aBEZERRO | ||
| 650 | _aDIETA | ||
| 650 | _aPASTAGEM NATIVA | ||
| 650 | _aAZEVÉM | ||
| 650 | _aTREVO BRANCO | ||
| 650 | _aCORNICHÃO | ||
| 650 | _aEFICIÊNCIA REPRODUTIVA | ||
| 650 | _aGANHO DE PESO | ||
| 650 | _aPRODUTIVIDADE | ||
| 773 | 0 |
_tRevista Brasileira de Zootecnia (Brazil) _xISSN 1516-3598 _g(Nov-Dec 2007), v. 36(6) p. 1894-1901 _wBR0804172 |
|
| 909 |
_a202311 _bLúcia _c55 _dLúcia Elande |
||
| 942 |
_2AGRIS _n0 _cANA |
||
| 999 |
_c197518 _d197518 |
||